Statistics for Guess the Taylor Swift song #7

Click here to take the quiz!

General Stats

  • This quiz has been taken 12 times
  • The average score is 421 of 466

Answer Stats

Answers% Correct
a
100%
do
100%
Do
100%
I
100%
Is
100%
is
100%
it
100%
it's
100%
that
100%
the
100%
we
100%
We
100%
you
100%
your
100%
all
92%
and
92%
Are
92%
babe
92%
But
92%
Cause
92%
cause
92%
could
92%
eyes
92%
hands
92%
in
92%
isn't
92%
Isn't
92%
know
92%
like
92%
look
92%
make
92%
me
92%
my
92%
My
92%
never
92%
said
92%
so
92%
This
92%
this
92%
to
92%
when
92%
you're
92%
ain't
83%
any
83%
back
83%
been
83%
best
83%
can
83%
can't
83%
damn
83%
delicate
83%
don't
83%
drink
83%
ever
83%
for
83%
girls
83%
hair
83%
handsome
83%
home
83%
Just
83%
mansion
83%
mine
83%
must
83%
night
83%
now
83%
oh
83%
pretend
83%
promises
83%
reputation's
83%
seen
83%
things
83%
think
83%
time
83%
touch
83%
view
83%
want
83%
where
83%
with
83%
worse
83%
Yeah
83%
yeah
83%
at
75%
bar
75%
black
75%
blue
75%
chill
75%
color
75%
Come
75%
cool
75%
Dark
75%
Dive
75%
dreaming
75%
East
75%
Echoes
75%
floor
75%
footsteps
75%
fun
75%
head
75%
here
75%
honey
75%
into
75%
isn't
75%
jeans
75%
lights
75%
meet
75%
nightstand
75%
Nikes
75%
of
75%
on
75%
Phone
75%
share
75%
Side
75%
sleep
75%
Sometimes
75%
soon
75%
stairs
75%
Stay
75%
Third
75%
too
75%
up
75%
West
75%
wonder
75%
yet
75%
Long
67%

Score Distribution

Percentile by Number Answered

Percent of People with Each Score

Your Score History

You have not taken this quiz